| 000 | 00000nam 2200000zi 4500 |
| 001 | 9.897064 |
| 003 | CaOODSP |
| 005 | 20240403130828 |
| 006 | m o d f |
| 007 | cr |n||||||||| |
| 008 | 210303e198808##onc|||| ob f00| 0|eng d |
| 040 | |aCaOODSP|beng|erda|cCaOODSP |
| 043 | |an-cn--- |
| 086 | 1 |aC23-219/1988E-PDF |
| 100 | 1 |aNorrie, K. H. |q(Kenneth Harold) |d1946- |eauthor. |
| 245 | 10|aServices and regional economic performance : |ban exploratory analysis / |cby Kenneth H. Norrie and Michael B. Percy. |
| 264 | 1|a[Ottawa] : |bDepartment of Regional Industrial Expansion, |cAugust 1988. |
| 300 | |a1 online resource (48, [11] pages) |
| 336 | |atext|btxt|2rdacontent |
| 337 | |acomputer|bc|2rdamedia |
| 338 | |aonline resource|bcr|2rdacarrier |
| 490 | 0 |aSeries on trade in services |
| 500 | |aDigitized edition from print [produced by Innovation, Science and Economic Development Canada]. |
| 504 | |aIncludes bibliographical references. |
| 650 | 0|aService industries|zCanada. |
| 650 | 0|aRegional planning|zCanada|xEvaluation. |
| 650 | 6|aServices (Industrie)|zCanada. |
| 650 | 6|aAménagement du territoire|zCanada|xÉvaluation. |
| 651 | 0|aCanada|xEconomic conditions. |
| 651 | 6|aCanada|xConditions économiques. |
| 710 | 1 |aCanada. |bDepartment of Regional Industrial Expansion, |eissuing body. |
| 710 | 2 |aInstitute for Research on Public Policy, |eissuing body. |
| 856 | 40|qPDF|s3.47 MB|uhttps://publications.gc.ca/collections/collection_2024/isde-ised/c23/C23-219-1988-eng.pdf |